000 00788nam a2200229Ia 4500
003 OSt
005 20220925223537.0
006 a|||||r|||| 00| 0
007 ta
008 220923b |||||||| |||| 00| 0 eng d
020 _a9780415500 791
_c590.75
037 _bG-4662/11-12, 27/03/2012, Manohar Publishers & Distributors
_cGeneral Book
040 _aRTL
_cRTL
_beng
041 _2eng
_aeng
082 _aY73(P3).211.M16, Q2
100 _aVenkateswarlu K
_930212
245 0 _aColonialism, orientalism and the dravidian languages
260 _aLondon
_bRoutledge
_c2012
300 _axiv, 267p.
_ccm.
942 _hY73(P3).211.M16, Q2
_cGB
_2CC
999 _c579857
_d579857